Domino's Farms : a landmark office park in the country /

Bibliographic Details
Main Author: Bonnell, Bertie
Format: Book
Language:English
Published: Ann Arbor : Distributed by University of Michigan Press, Park Publishing ; [2008]
Subjects:

MARC

Tag First Indicator Second Indicator Subfields
LEADER 00000cam a2200000Ia 4500
001 in00002421908
005 20151110072158.0
008 080517s2008 miua b 001 0 eng d
020 |a 9780981716268 
020 |a 0981716261 
029 1 |a DON  |b pkp00000001 
035 |a (OCoLC)ocn228372291 
035 |a (OCoLC)228372291 
040 |a BTCTA  |c BTCTA  |d DON  |d YDXCP  |d BAKER  |d TXA  |d UtOrBLW 
043 |a n-us-mi 
049 |a TXAM 
050 1 4 |a NA9053.O3  |b B66 2008 
082 0 4 |a 725.23  |2 22 
100 1 |a Bonnell, Bertie. 
245 1 0 |a Domino's Farms :  |b a landmark office park in the country /  |c Bertie Bonnell. 
264 1 |a Ann Arbor :  |b Park Publishing ;  |a Distributed by University of Michigan Press,  |c [2008] 
264 4 |c ©2008 
300 |a vii, 242 pages :  |b color illustrations ;  |c 25 x 34 cm. 
336 |a text  |b txt  |2 rdacontent 
337 |a unmediated  |b n  |2 rdamedia 
338 |a volume  |b nc  |2 rdacarrier 
504 |a Includes bibliographical references and index. 
650 0 |a Office buildings  |z Michigan  |z Ann Arbor  |x Design and construction. 
650 0 |a Business parks  |z Michigan  |z Ann Arbor  |x Design and construction. 
651 0 |a Ann Arbor (Mich.)  |x Buildings, structures, etc. 
610 2 0 |a Domino's Pizza (Firm)  |x Buildings. 
650 0 |a Corporations  |x Headquarters  |z Michigan  |z Ann Arbor. 
938 |a Baker and Taylor  |b BTCP  |n BK0007804277 
938 |a Donohue Group  |b DONE  |n pkp00000001 
938 |a YBP Library Services  |b YANK  |n 2831526 
938 |a Baker & Taylor  |b BKTY  |c 35.00  |d 26.25  |i 0981716261  |n 0007804277  |s active 
945 |a PromptCat  |b 636925 
946 |a stk 
947 |a A14837390205 
994 |a C0  |b TXA 
948 |a cataloged  |b h  |c 2009/3/6  |d c  |e nbehmer  |f 2:47:25 pm 
999 |a MARS 
999 f f |s ffb3296a-7c9e-32db-993a-0f188006d381  |i 0f3ef20d-fd0e-34a1-9c91-f1db9fdd35bc  |t 0 
952 f f |p ric  |a Texas A&M University  |b Rellis Campus  |c Joint Library Facility  |d Remote Storage  |t 0  |e NA9053.O3 B66 2008  |f Oversize  |h Library of Congress classification  |i unmediated -- volume  |m A14837390205 
998 f f |a NA9053.O3 B66 2008  |t 0  |l Remote Storage